000 01143nam0a2200337 4500
001 RU\NLR\BIBL_A\011487849
005 20240921172334.0
010 _a9785906979209
_91500
021 _aRU
_b2017-66798
_94724
035 _a(RuMoRGB)009383959
035 _a(NLR Aleph) 011487849
090 _a11929602
_c11929602
100 _a20171003d2017 u y0rusy50 ca
101 0 _arus
102 _aRU
105 _ay z 000ay
200 1 _aПотерянный и возвращённый мир
_e[повесть]
_fАлександр Лурия
210 _aМосква
_cАлгоритм
_d2017
215 _a270, [1] с.
_d21
225 1 _aКлинические рассказы
333 _a16+
606 1 _aЧерепно-мозговые травмы
_jПопулярные издания
_xПоследствия
_91940628
_3RU\NLR\AUTH\661174909
686 _aР.я9
_2rubbk
686 _aЮ937я9
_2rubbk
686 1 _aР638.77-7я9
686 1 _aЮ935.12я9
700 1 _aЛурия
_bА. Р.
_f1902-1977
_gАлександр Романович
942 _cBOOK
980 _aNBR